000 00379nam a22001457a 4500
008 250702b |||||||| |||| 00| 0 eng d
020 _a9780557187
050 _aHF5549.5
_b.A58
100 _aAnthony Obi Emeka
245 _aHF5549.5
_b.A58
260 _aOnitsha
_bBookpoint ltd
_c2022
300 _aviii, 312p.
650 _aEmployee motivation
_vEmployees-psychology
942 _cBK
999 _c4041
_d4041